Statistics for Random Italian Words

Click here to take the quiz!

General Stats

  • This quiz has been taken 36,708 times
  • The average score is 16 of 24

Answer Stats

ItalianEnglish% Correct
CiaoHello or Goodbye
99%
GrazieThanks
98%
PadreFather
91%
VinoWine
91%
BiancoWhite
86%
BambinoChild
84%
SignoreSir
83%
LatteMilk
78%
PrimoFirst
77%
ForteStrong
69%
DonnaWoman
69%
FratelloBrother
64%
BenvenutoWelcome
63%
MilleThousand
62%
GiornoDay
60%
MoltoMuch
59%
OroGold
58%
TuttiAll
54%
CantoSing
54%
CavalloHorse
53%
VentiTwenty
50%
RagazzaGirl
45%
DuceLeader
41%
GrottaCave
33%

Score Distribution

Percentile by Number Answered

Percent of People with Each Score

Your Score History

You have not taken this quiz